Vulnerabilidad estructural en viviendas de interés social hechas con bloques de concreto en Managua

Presenta el análisis de las estructuras de viviendas hechas con bloques de concreto existentes en la capital de Managua, haciendo referencia a las diversas causas que genera la problemática en las viviendas de interés social de una y dos plantas.

Bibliographic Details
Main Authors: Ruiz Valverde, Henry Yeselder, Morales Leiva, Federico
Other Authors: Tutor: Aguilar Arriola, Erasmo José
Format: Tesis Section = Libro
Language:Undetermined
Spanish
Published: Managua UNI 2018
Subjects:
LEADER 01161nam a2200277Ia 4500
008 240830s9999 xx 000 0 und d
040 |a BIBLIOTECA-RUSB/ Mon 721 R934 
041 |a spa 
082 |a Mon 721 R934 
100 1 |a Ruiz Valverde, Henry Yeselder 
100 1 |b Morales Leiva, Federico 
245 1 0 |a Vulnerabilidad estructural en viviendas de interés social hechas con bloques de concreto en Managua 
260 |a Managua  |b UNI  |c 2018 
300 |a 104 p. :il. 
500 |a Contiene: anexos y CD. 
502 |a Tesis (Arquitecto) - UNI, 2018. 
520 3 |a Presenta el análisis de las estructuras de viviendas hechas con bloques de concreto existentes en la capital de Managua, haciendo referencia a las diversas causas que genera la problemática en las viviendas de interés social de una y dos plantas. 
650 7 |a DISEÑO ARQUITECTONICO 
650 7 |b  DETALLES ARQUITECTONICOS 
650 7 |c  ARQUITECTURA-DISEÑOS Y PLANOS 
650 7 |d  VIVIENDAS DE INTERES SOCIAL-DISEÑO Y CONSTRUCCION 
650 7 |e  DISEÑO DE ESTRUCTURAS 
700 1 |a Tutor:  |b Aguilar Arriola, Erasmo José 
942 |c BK  |2 ddc 
991 |a TESIS 
999 |c 21186